Seismic Isolation, Structural Health Monitoring, and Performance Based Seismic Design in Earthquake Engineering Recent Developments /

This book features chapters based on selected presentations from the International Congress on Advanced Earthquake Resistance of Structures, AERS2016, held in Samsun, Turkey, from 24 to 28 October 2016. It covers the latest advances in three widely popular research areas in Earthquake Engineering: P...

Πλήρης περιγραφή

Λεπτομέρειες βιβλιογραφικής εγγραφής
Συγγραφή απο Οργανισμό/Αρχή: SpringerLink (Online service)
Άλλοι συγγραφείς: Kasimzade, Azer A. (Επιμελητής έκδοσης, http://id.loc.gov/vocabulary/relators/edt), Şafak, Erdal (Επιμελητής έκδοσης, http://id.loc.gov/vocabulary/relators/edt), Ventura, Carlos E. (Επιμελητής έκδοσης, http://id.loc.gov/vocabulary/relators/edt), Naeim, Farzad (Επιμελητής έκδοσης, http://id.loc.gov/vocabulary/relators/edt), Mukai, Yoichi (Επιμελητής έκδοσης, http://id.loc.gov/vocabulary/relators/edt)
Μορφή: Ηλεκτρονική πηγή Ηλ. βιβλίο
Γλώσσα:English
Έκδοση: Cham : Springer International Publishing : Imprint: Springer, 2019.
Έκδοση:1st ed. 2019.
Θέματα:
Διαθέσιμο Online:Full Text via HEAL-Link
LEADER 04888nam a2200625 4500
001 978-3-319-93157-9
003 DE-He213
005 20191028231738.0
007 cr nn 008mamaa
008 180813s2019 gw | s |||| 0|eng d
020 |a 9783319931579  |9 978-3-319-93157-9 
024 7 |a 10.1007/978-3-319-93157-9  |2 doi 
040 |d GrThAP 
050 4 |a TA355 
050 4 |a TA352-356 
072 7 |a TGMD4  |2 bicssc 
072 7 |a TEC009070  |2 bisacsh 
072 7 |a TGMD  |2 thema 
082 0 4 |a 620  |2 23 
245 1 0 |a Seismic Isolation, Structural Health Monitoring, and Performance Based Seismic Design in Earthquake Engineering   |h [electronic resource] :  |b Recent Developments /  |c edited by Azer A. Kasimzade, Erdal Şafak, Carlos E. Ventura, Farzad Naeim, Yoichi Mukai. 
250 |a 1st ed. 2019. 
264 1 |a Cham :  |b Springer International Publishing :  |b Imprint: Springer,  |c 2019. 
300 |a VIII, 364 p. 195 illus., 116 illus. in color.  |b online resource. 
336 |a text  |b txt  |2 rdacontent 
337 |a computer  |b c  |2 rdamedia 
338 |a online resource  |b cr  |2 rdacarrier 
347 |a text file  |b PDF  |2 rda 
505 0 |a 1. Part One: Seismic Isolation Systems -- 2. Part Two: New Developments on Structural Health Monitoring and Earthquake Early Warning Systems for Performance Assessment of Structures -- 3. Part Three: Performance Based Seismic Design. 
520 |a This book features chapters based on selected presentations from the International Congress on Advanced Earthquake Resistance of Structures, AERS2016, held in Samsun, Turkey, from 24 to 28 October 2016. It covers the latest advances in three widely popular research areas in Earthquake Engineering: Performance-Based Seismic Design, Seismic Isolation Systems, and Structural Health Monitoring. The book shows the vulnerability of high-rise and seismically isolated buildings to long periods of strong ground motions, and proposes new passive and semi-active structural seismic isolation systems to protect against such effects. These systems are validated through real-time hybrid tests on shaking tables. Structural health monitoring systems provide rapid assessment of structural safety after an earthquake and allow preventive measures to be taken, such as shutting down the elevators and gas lines, before damage occurs. Using the vibration data from instrumented tall buildings, the book demonstrates that large, distant earthquakes and surface waves, which are not accounted for in most attenuation equations, can cause long-duration shaking and damage in tall buildings. The overview of the current performance-based design methodologies includes discussions on the design of tall buildings and the reasons common prescriptive code provisions are not sufficient to address the requirements of tall-building design. In addition, the book explains the modelling and acceptance criteria associated with various performance-based design guidelines, and discusses issues such as selection and scaling of ground motion records, soil-foundation-structure interaction, and seismic instrumentation and peer review needs. The book is of interest to a wide range of professionals in earthquake engineering, including designers, researchers, and graduate students. 
650 0 |a Vibration. 
650 0 |a Dynamical systems. 
650 0 |a Dynamics. 
650 0 |a Geotechnical engineering. 
650 0 |a Mechanics. 
650 0 |a Mechanics, Applied. 
650 0 |a Civil engineering. 
650 0 |a Natural disasters. 
650 1 4 |a Vibration, Dynamical Systems, Control.  |0 http://scigraph.springernature.com/things/product-market-codes/T15036 
650 2 4 |a Geotechnical Engineering & Applied Earth Sciences.  |0 http://scigraph.springernature.com/things/product-market-codes/G37010 
650 2 4 |a Solid Mechanics.  |0 http://scigraph.springernature.com/things/product-market-codes/T15010 
650 2 4 |a Civil Engineering.  |0 http://scigraph.springernature.com/things/product-market-codes/T23004 
650 2 4 |a Natural Hazards.  |0 http://scigraph.springernature.com/things/product-market-codes/G32000 
700 1 |a Kasimzade, Azer A.  |e editor.  |4 edt  |4 http://id.loc.gov/vocabulary/relators/edt 
700 1 |a Şafak, Erdal.  |e editor.  |4 edt  |4 http://id.loc.gov/vocabulary/relators/edt 
700 1 |a Ventura, Carlos E.  |e editor.  |4 edt  |4 http://id.loc.gov/vocabulary/relators/edt 
700 1 |a Naeim, Farzad.  |e editor.  |4 edt  |4 http://id.loc.gov/vocabulary/relators/edt 
700 1 |a Mukai, Yoichi.  |e editor.  |4 edt  |4 http://id.loc.gov/vocabulary/relators/edt 
710 2 |a SpringerLink (Online service) 
773 0 |t Springer eBooks 
776 0 8 |i Printed edition:  |z 9783319931562 
776 0 8 |i Printed edition:  |z 9783319931586 
776 0 8 |i Printed edition:  |z 9783030066031 
856 4 0 |u https://doi.org/10.1007/978-3-319-93157-9  |z Full Text via HEAL-Link 
912 |a ZDB-2-ENG 
950 |a Engineering (Springer-11647)